000 00976cam a22002531i 4500
003 SA-RiAUC
005 20251029121126.0
008 251022s1997 su g b 000 0 ara c
040 _aSA-RiKAPL
_bara
_cSA-RiAUC
_erda
082 0 4 _a237.3
_qSA-RiAUC
090 _a237.3
_bا ب و ز
100 1 _aأبو زيد، بكر بن عبد الله،
_d1365-1429 هجري
_eمؤلف.
245 1 0 _aدعاء القنوت /
_cبقلم بكر بن عبد أبو زيد.
250 _aالطبعة الثانية، مزيدة ومصححة.
264 1 _aالرياض :
_bدار العاصمة،
_c[1997]
300 _a30 صفحة ؛
_c12 × 17 سم
336 _aنص
_btxt
_2rdacontent
_3كتاب
337 _aبدون وسيط
_bn
_2rdamedia
338 _aمجلد
_bnc
_2rdacarrier
504 _aيشتمل على إرجاعات ببليوجرافية.
650 7 _aالأدعية والأوراد
_2aucsh
942 _2ddc
_cBOOK
_n0
949 _aSA-JeALM
_d251022
_umohamedma123
_n1
999 _c12778
_d12778